| 000 | 00838nam a22002535a 4500 | ||
|---|---|---|---|
| 999 |
_c27210 _d27181 |
||
| 003 | EG-ScBUE | ||
| 005 | 20190304141127.0 | ||
| 008 | 190304s2002 ua fr 000 0 ara d | ||
| 017 | _a2002 / 3181 | ||
| 020 | _a9770908002 | ||
| 040 |
_aEG-ScBUE _bara _cEG-ScBUE _dEG-ScBUE |
||
| 043 | _af-ua--- | ||
| 082 | 0 | 4 |
_a320.962 _bف ق ي _222 |
| 100 | 1 |
_aفقي، مصطفى، _d1944-. |
|
| 245 | 1 | 0 |
_aمن نهج الثورة إلى فكر الإصلاح / _cمصطفى الفقي. |
| 250 | _aط. 1. | ||
| 260 |
_aالقاهرة : _bدار الشروق، _c2002. |
||
| 300 |
_a318 ص. ؛ _c24 سم. |
||
| 650 | 7 |
_aالاصلاحات السياسية _zمصر. _2BUEsh _940797 |
|
| 651 | 7 |
_aمصر _xأحوال سياسية. _2BUEsh |
|
| 651 | 7 |
_aمصر _xأحوال اجتماعية. _2BUEsh |
|
| 653 |
_bBUSBOL _cFebruary2019 |
||
| 942 | _2ddc | ||